[Event "Stay Safe Play From Home 129"]
[Site "T#645801Emanuel Laske"]
[Date "2020.05.07"]
[Round "5"]
[White "Onlyforchess"]
[Black "SoulofWolf"]
[Result "0-1"]
[WhiteElo "2527"]
[BlackElo "2197"]
[Annotator "TA"]
[PlyCount "150"]
[EventDate "2020.05.07"]
[EventType "swiss (blitz)"]

{[%evp 11,149,62,65,26,29,-6,-6,-12,16,-43,16,11,22,-19,69,75,69,70,65,64,125,121,117,120,131,128,125,118,440,440,407,100,253,168,172,83,77,25,124,138,130,36,175,160,200,201,195,193,381,412,486,467,500,498,578,464,482,486,517,518,515,511,508,433,569,454,478,0,595,518,555,0,720,0,488,0,910,863,758,540,539,532,566,499,939,475,482,450,897,427,540,488,566,566,4666,4637,4637,4570,4818,939,1223,638,632,-29977,-29978,-29983,-29984,-29991,-29982,-29981,-29972,-29991,-29992,-29994,-29993,-29995,-29993,-29995,-29994,-29996,-29994,-29994,-29994,-29994,-29994,-29995,-29994,-29995,-29995,-29996,-29996,-29996,-29997,-29998,-29998,-29998,-29998,-29998,-29999,-29999]} 1. e4 c5 2. d4 cxd4 3. Nf3 Nc6 4. Nxd4 a6 5. c4 e6 6. Nc3 Bb4 7. Be3 {B41: Sicilian: Kan Variation: 5 c4.} Nf6 8. Qd3 O-O {[#]} 9. Nxc6 $146 {The position is equal.} ({Predecessor:} 9. f3 d5 10. exd5 exd5 11. a3 Ba5 12. b4 Bc7 13. Bg5 Re8+ 14. Be2 dxc4 15. Bxf6 Qxf6 16. Qxc4 Qxd4 17. Qb3 Qd3 18. Rd1 Rxe2+ 19. Kf1 Rd2+ {0-1 (19) Strehse,N (1452)-Kittel,L (1116) Magdeburg 2017}) 9... dxc6 (9... bxc6 {seems wilder.} 10. Be2 d5 11. e5 Nd7 12. f4 a5) 10. O-O-O (10. Qxd8 $11 Rxd8 11. f3) 10... Qxd3 (10... Qa5 $15) 11. Bxd3 $11 b5 12. f3 Bb7 ({Black should play} 12... e5 $1 $11) 13. a3 $36 {[%mdl 2048] White is really pushing.} Ba5 14. Bc5 Rfd8 15. Be2 h6 {[#]} (15... Bc7 $14) 16. e5 $1 $16 {[%cal Re5f6]} ({Don't play} 16. cxb5 $6 cxb5 17. Rxd8+ Rxd8 $11) 16... Nd7 {And now ...Bxc3 would win.} 17. Be7 Nxe5 18. Bxd8 Bxd8 19. Ne4 Nxc4 $2 {[%mdl 8192]} (19... Bc7 $16) 20. Bxc4 $18 bxc4 21. Nd6 $2 (21. Rd7 $18) 21... Bc8 $2 (21... Bg5+ $16 22. Kc2 Rb8) 22. Nxc8 ({Don't take} 22. Nxc4 $6 Bf6 $16) 22... Rxc8 {[%mdl 4096] Endgame KRR-KRB} 23. Kc2 (23. Rd4 $18 {and White stays clearly on top.}) 23... Bf6 $16 24. Rd6 ({White should try} 24. Rb1 $16) 24... Rb8 (24... Be5 $11 {remains equal.} 25. Rd7 Rb8) 25. Rb1 {[%mdl 1024] White has strong compensation.} Rb6 26. Rd7 (26. b4 $16) 26... g6 (26... Rb3 $14) 27. Rc7 Kg7 28. b4 g5 29. a4 {[%cal Ba3a4,Ba4a5][%mdl 32]} Kg6 $2 (29... a5 {was necessary.}) 30. a5 $18 Rb5 {If Black can now play ...Re5 this consolidates a bit.} 31. Rxc6 {[%mdl 64] [#] Double Attack} Rd5 32. Rxc4 Rd6 33. b5 axb5 34. Rxb5 Ra6 35. Ra4 Bd8 36. Kb3 h5 37. Kc4 h4 38. Kc5 Be7+ 39. Kc4 $2 (39. Kd4 $18) 39... Ra8 $2 {[%mdl 8192]} (39... Bd8 $1 $11 40. Rc5 Ra8) 40. Rb3 Rd8 41. Kb5 $2 (41. Rb7 $18 Rc8+ 42. Kd3) 41... Ra8 $2 {[%mdl 8192]} (41... Rb8+ $11 42. Kc4 Rc8+ 43. Kd3 Bc5) 42. Kc4 $2 ({Better is} 42. Kc6 $18) 42... Rc8+ $2 {[%mdl 8192]} (42... Rd8 $1 $11 43. a6 Ra8) 43. Kb5 $2 (43. Kd3 $18) 43... Re8 $2 {[%mdl 8192]} (43... Ra8 $11 44. Kc6 Bf6) 44. a6 Rb8+ 45. Kc4 Rc8+ 46. Kd3 Ra8 47. Kc2 Rd8 (47... h3 $142 48. gxh3 Bc5) 48. Kb1 Ra8 49. Ka2 Rd8 (49... Bc5 $142 50. Rb7 f6) 50. Rb2 (50. a7 $142 {aiming for Rb8.} Bc5 51. a8=Q Rxa8 52. Rxa8) 50... Ra8 51. Rb7 Bf6 52. a7 Kf5 53. Rb8 Rxa7 54. Rxa7 g4 55. Raa8 g3 56. Rb4 gxh2 57. Rxh4 $4 {[%mdl 8192]} (57. Ra5+ $18 e5 58. Rb1) 57... Bxh4 {KR-KB. Black mates.} 58. Ra4 h1=Q 59. Rxh4 Qxg2+ {KQ-KR} 60. Ka3 Qg5 61. Ka4 Qxh4+ 62. Ka5 Qf4 63. Ka6 Qxf3 64. Ka7 Ke4 65. Ka8 e5 66. Kb8 Qd3 67. Kc7 Kd4 68. Kc8 e4 69. Kb8 e3 70. Ka7 e2 71. Kb6 e1=Q 72. Ka7 Qc1 73. Kb7 Qdc2 74. Kb8 Q1b1+ 75. Ka8 Qca2# {What a bad dream for White. Accuracy: White = 41%, Black = 28%.} 0-1

[Event "Stay Safe Play From Home 129"]
[Site "T#645801Emanuel Laske"]
[Date "2020.05.07"]
[Round "5"]
[White "Indianquant"]
[Black "PRW64MS"]
[Result "1-0"]
[WhiteElo "2321"]
[BlackElo "1464"]
[Annotator "TA"]
[PlyCount "51"]
[EventDate "2020.05.07"]
[EventType "swiss (blitz)"]

{[%evp 9,51,8,151,135,147,136,163,131,182,80,68,71,141,155,172,190,212,225,235,233,244,254,247,245,248,255,264,260,302,314,292,308,406,285,380,391,431,329,302,304,668,661,1956,1918]} 1. Nf3 Nf6 2. c4 g6 3. Nc3 d5 4. Qa4+ Bd7 5. Qb3 {[#]} Qc8 $146 (5... dxc4 $11 {keeps the balance.} 6. Qxc4 c5) ({Predecessor:} 5... dxc4 6. Qxc4 Bg7 7. e4 a6 8. e5 Be6 9. exf6 Bxc4 10. fxg7 Rg8 11. Bxc4 Nc6 12. O-O g5 13. Bd5 g4 14. Bxc6+ bxc6 15. Ne5 Rxg7 {½-½ (22) Bruzon Batista,L (2682)-So,W (2731) Havana 2014}) 6. cxd5 $16 {A16: English Opening: 1...Nf6 with ...d5.} Bg7 7. e4 O-O 8. Be2 {White is clearly better.} e6 (8... c5 $16 {was worth a try.} 9. O-O e6) 9. dxe6 (9. d4 $18 {has better winning chances.}) 9... Bxe6 10. Qc2 Nc6 {Black is on the road to losing.} (10... c5 $142) 11. d4 {aiming for d5.} Bg4 {[#]} 12. Be3 $1 Nb4 13. Qb3 a5 14. a3 Na6 15. O-O c5 16. d5 Nd7 17. Rac1 Bxf3 18. Bxf3 Ne5 19. Be2 c4 20. Qc2 Rb8 21. Nb5 Nc7 22. Na7 Qd7 23. Bxc4 Nxc4 24. Qxc4 Bxb2 $2 {[#]} (24... Ne8 25. Bd4 Nd6) 25. Qxc7 $18 Bxa3 26. Qxd7 {Accuracy: White = 74%, Black = 46%.} 1-0

[Event "Stay Safe Play From Home 129"]
[Site "T#645801Emanuel Laske"]
[Date "2020.05.07"]
[Round "5"]
[White "Mepe_Nika"]
[Black "Little champs"]
[Result "1-0"]
[WhiteElo "2289"]
[BlackElo "2206"]
[Annotator "TA"]
[PlyCount "67"]
[EventDate "2020.05.07"]
[EventType "swiss (blitz)"]

{[%evp 10,67,37,35,83,68,93,86,78,31,72,93,104,113,420,116,123,109,175,161,245,123,235,154,211,163,201,137,314,0,30,27,62,59,82,-1485,34,55,107,-64,59,52,100,20,331,341,331,341,335,337,350,335,400,398,404,397,403,365,387,384]} 1. d4 c6 2. Bf4 d5 3. e3 Nf6 4. c4 g6 5. Nc3 Bg7 6. Nf3 h5 {D92: Grünfeld: 4 Nf3 Bg7 5 Bf4.} 7. h3 O-O {[#]} 8. Rc1 $146 ({Predecessor:} 8. Bd3 Nbd7 9. Qc2 dxc4 10. Bxc4 Nb6 11. Bb3 Nbd5 12. Be5 e6 13. a3 Qa5 14. O-O Nxc3 15. bxc3 {1-0 (26) Ali,K (1825)-Lie,B (1526) Fornebu 2016}) 8... a6 {White is better.} 9. Qc2 dxc4 10. Bxc4 b5 11. Bb3 $36 {[%mdl 2048] And now Qxg6 would win. White is really pushing.} a5 $2 {[%mdl 8192]} (11... e6 $16) 12. a3 $2 (12. Qxg6 $1 $18 {Threatening mate with Bh6!} e6 13. Qg3) 12... a4 $16 13. Ba2 {Black must now prevent Qxg6.} Kh8 (13... Nd5 $16) 14. Ne5 Qe8 {[#]} (14... e6 $142 15. g4 c5) 15. g4 (15. Nxb5 $1 $18 {[%mdl 512]} cxb5 16. Bxf7 {[%mdl 64] Double Attack}) 15... h4 (15... Bb7 $16 {might work better.}) 16. Bg5 Nfd7 (16... Bb7 $16 {is a better defense.}) 17. Nxd7 Nxd7 {[%cal Bb8d7,Bd7e5,Be5f3][%mdl 32]} 18. Bxh4 e5 $2 (18... Ba6 $16 19. Ne4 c5) 19. dxe5 $2 (19. Ne4 $18 Nb6 20. Nd6 (20. Qxc6 Qxc6 21. Rxc6 Bb7 $16)) 19... Nxe5 {aiming for ...Nf3+.} 20. Bg3 $1 Nf3+ 21. Kf1 Bb7 22. Qe4 $2 {[%mdl 8192]} (22. Kg2 $16 c5 23. Bd5 Bxd5 24. Nxd5) 22... Qxe4 $2 (22... Nd2+ $19 23. Ke2 Nxe4 24. Nxe4 Qxe4) 23. Nxe4 $14 {Threatens to win with Nd6.} Bxb2 (23... c5 $14 24. Nd6 Nd2+ {[%mdl 64] Discovered Attack} 25. Ke2 Bxh1) 24. Kg2 $2 (24. Ke2 $16) 24... Bxc1 ({Better is} 24... c5 $1 $15 25. Kxf3 Rfe8) 25. Rxc1 c5 $1 {[#]} ({Avoid the trap} 25... f5 $2 26. Nd6 $18) 26. Nxc5 ({Much weaker is} 26. Kxf3 $6 Rae8 $11) (26. Nd6 $1 $16 {[%cal Rd6b7]} Bc6 27. Rxc5 {[%mdl 64] Double Attack}) 26... Nh4+ $2 {[%mdl 8192]} (26... Bc6 $11) 27. Kf1 $18 Bg2+ 28. Kg1 Bxh3 {Strongly threatening ...Nf3+.} 29. Bxh4 Bxg4 30. Bf6+ Kh7 31. Kg2 {White is winning.} Bh5 32. Ne4 Rac8 33. Rh1 Rc2 34. Bd5 {Accuracy: White = 38%, Black = 30%.} 1-0

[Event "Stay Safe Play From Home 129"]
[Site "T#645801Emanuel Laske"]
[Date "2020.05.07"]
[Round "5"]
[White "CastlingArrocco"]
[Black "EL sanbary"]
[Result "0-1"]
[WhiteElo "2066"]
[BlackElo "1980"]
[Annotator "NA"]
[PlyCount "128"]
[EventDate "2020.05.07"]
[EventType "swiss (blitz)"]

1. Nc3 {[%emt 0:00:01]} c5 {[%emt 0:00:01]} 2. e4 {[%emt 0:00:00]} g6 {[%emt 0:00:01]} 3. Nf3 {[%emt 0:00:01]} Bg7 {[%emt 0:00:01]} 4. g3 {[%emt 0:00:00]} Nc6 {[%emt 0:00:01]} 5. Bg2 {[%emt 0:00:00]} e5 {[%emt 0:00:01]} 6. d3 {[%emt 0:00:01]} Nge7 {[%emt 0:00:00]} 7. Nd5 {[%emt 0:00:01]} O-O {[%emt 0:00:00]} 8. c4 {[%emt 0:00:01]} d6 {[%emt 0:00:01]} 9. Be3 {[%emt 0:00:01]} Be6 {[%emt 0:00:01]} 10. Nd2 {[%emt 0:00:01]} Qd7 {[%emt 0:00:01]} 11. f4 {[%emt 0:00:01]} f5 {[%emt 0:00:01]} 12. O-O {[%emt 0:00:01]} exf4 {[%emt 0:00:02]} 13. Bxf4 {[%emt 0:00:01]} Bxb2 {[%emt 0:00:01]} 14. Rb1 {[%emt 0:00:01]} Bg7 {[%emt 0:00:00]} 15. Nf3 {[%emt 0:00:02]} Nd4 {[%emt 0:00:02]} 16. Nxd4 {[%emt 0:00:01]} Bxd4+ {[%emt 0:00:01]} 17. Be3 {[%emt 0:00:02]} fxe4 {[%emt 0:00:01]} 18. dxe4 {[%emt 0:00:01]} Bxd5 {[%emt 0:00:02]} 19. Bxd4 {[%emt 0:00:02]} Bxc4 {[%emt 0:00:04]} 20. Rxf8+ {[%emt 0:00:04]} Rxf8 {[%emt 0:00:02]} 21. Bxc5 {[%emt 0:00:01]} Qe6 {[%emt 0:00:09]} 22. Qxd6 {[%emt 0:00:02]} Qxd6 {[%emt 0:00:01]} 23. Bxd6 {[%emt 0:00:00]} Rf7 {[%emt 0:00:01]} 24. e5 {[%emt 0:00:01]} b6 {[%emt 0:00:02]} 25. Rc1 {[%emt 0:00:01]} b5 {[%emt 0:00:01]} 26. Rd1 {[%emt 0:00:02]} Nd5 {[%emt 0:00:01]} 27. Bxd5 {[%emt 0:00:01]} Bxd5 {[%emt 0:00:02]} 28. Rxd5 {[%emt 0:00:00]} Rd7 {[%emt 0:00:02]} 29. Rc5 {[%emt 0:00:02]} Kf7 {[%emt 0:00:01]} 30. Rc8 {[%emt 0:00:01]} Ke6 {[%emt 0:00:00]} 31. Re8+ {[%emt 0:00:01]} Kd5 {[%emt 0:00:01]} 32. Rf8 {[%emt 0:00:02]} a5 {[%emt 0:00:01]} 33. Kf2 {[%emt 0:00:01]} b4 {[%emt 0:00:01]} 34. Ke3 {[%emt 0:00:01]} a4 {[%emt 0:00:01]} 35. Rb8 {[%emt 0:00:01]} b3 {[%emt 0:00:01]} 36. axb3 {[%emt 0:00:01]} axb3 {[%emt 0:00:00]} 37. Rxb3 {[%emt 0:00:01]} Ke6 {[%emt 0:00:00]} 38. Ke4 {[%emt 0:00:01]} Ra7 {[%emt 0:00:00]} 39. Rb8 {[%emt 0:00:02]} Ra4+ {[%emt 0:00:00]} 40. Kd3 {[%emt 0:00:01]} h5 {[%emt 0:00:01]} 41. Re8+ {[%emt 0:00:01]} Kd5 {[%emt 0:00:01]} 42. Rg8 {[%emt 0:00:00]} Ra2 {[%emt 0:00:01]} 43. Rxg6 {[%emt 0:00:02]} Rxh2 {[%emt 0:00:00]} 44. Ke3 {[%emt 0:00:00]} Rh3 {[%emt 0:00:01]} 45. Kf4 {[%emt 0:00:00]} h4 {[%emt 0:00:00]} 46. gxh4 {[%emt 0:00:01]} Rxh4+ {[%emt 0:00:00]} 47. Kf5 {[%emt 0:00:01]} Rh1 {[%emt 0:00:01]} 48. Kf6 {[%emt 0:00:00]} Rf1+ {[%emt 0:00:01]} 49. Kg7 {[%emt 0:00:00]} Rf2 {[%emt 0:00:02]} 50. e6 {[%emt 0:00:01]} Kxd6 {[%emt 0:00:01]} 51. e7+ {[%emt 0:00:00]} Kxe7 {[%emt 0:00:01]} 52. Rg5 {[%emt 0:00:01]} Rf7+ {[%emt 0:00:00]} 53. Kg6 {[%emt 0:00:01]} Rf6+ {[%emt 0:00:00]} 54. Kh5 {[%emt 0:00:01]} Ke6 {[%emt 0:00:00]} 55. Re5+ {[%emt 0:00:00]} Kxe5 {[%emt 0:00:01]} 56. Kg5 {[%emt 0:00:01]} Rf5+ {[%emt 0:00:00]} 57. Kh4 {[%emt 0:00:00]} Rf4+ {[%emt 0:00:00]} 58. Kg3 {[%emt 0:00:00]} Kf5 {[%emt 0:00:00]} 59. Kg2 {[%emt 0:00:00]} Rg4+ {[%emt 0:00:00]} 60. Kh3 {[%emt 0:00:01]} Kf4 {[%emt 0:00:00]} 61. Kh2 {[%emt 0:00:00]} Rg3 {[%emt 0:00:00]} 62. Kh1 {[%emt 0:00:00]} Kf3 {[%emt 0:00:00]} 63. Kh2 {[%emt 0:00:00]} Kf2 {[%emt 0:00:00]} 64. Kh1 {[%emt 0:00:00]} Rh3# {[%emt 0:00:00] (Lag: Av=0.39s, max=2.4s)} 0-1

[Event "Stay Safe Play From Home 129"]
[Site "T#645801Emanuel Laske"]
[Date "2020.05.07"]
[Round "5"]
[White "Haxhi Baha"]
[Black "Lamborghini"]
[Result "0-1"]
[WhiteElo "2016"]
[BlackElo "2305"]
[Annotator "TA"]
[PlyCount "64"]
[EventDate "2020.05.07"]
[EventType "swiss (blitz)"]

{[%evp 9,64,48,40,45,83,16,29,19,15,-149,-114,-278,-258,-241,-212,-349,-333,-431,-207,-229,-143,-206,218,-96,0,0,0,-112,-62,-46,13,9,20,-222,-200,-486,-124,-399,266,266,255,198,29996,373,378,385,1421,-29972,-29974,-29988,-2173,-29990,-29988,-29983,-29983,-29993,-29994]} 1. e4 g6 2. d4 Bg7 3. Nc3 c5 4. Be3 Qa5 5. Nge2 Nf6 6. f3 {B06: Modern Defence.} O-O 7. Qd2 (7. dxc5 $16 Nc6 8. Nf4) 7... d6 $11 {[#]} 8. h4 $146 {White has an edge.} ({Predecessor:} 8. g4 Nc6 9. h4 b5 10. h5 b4 11. Nd5 Nxd5 12. exd5 cxd4 13. Bh6 Ne5 14. Bg2 {1-0 (63) Ponomariov,R (2731)-Dominguez Perez,L (2754) Beijing 2013}) 8... h5 9. g4 $2 (9. a3 $11) 9... hxg4 $17 10. Ng3 $2 (10. h5 $17 {keeps fighting.} Nxh5 11. fxg4 Bxg4 12. Rh4) 10... cxd4 11. Bxd4 Nc6 $1 {[%cal Rc6d4]} (11... gxf3 12. h5) 12. Be3 (12. Bxf6 {is the only way for White.} Bxf6 13. fxg4) 12... gxf3 $19 13. h5 {and if h6 works, White does fine.} f2+ (13... Ng4 $142 14. Nd5 Qa4 15. hxg6 Bxb2) 14. Bxf2 Ne5 (14... gxh5 15. Be2 $11) (14... Nxh5 15. Nxh5 gxh5 16. Be2 $17) 15. O-O-O (15. Be2 $17 {might work better.} Nfg4 16. h6) 15... Bg4 $4 {[%mdl 8192]} (15... Nfg4 $1 $19 {avoids the disaster. aiming for ...Bh6.} 16. Kb1 Nf3) 16. Be2 $2 {[#]} ({White has to play} 16. h6 $18 Nf3 17. Qe3) 16... Bxe2 ({Black should try} 16... Rfc8 $1 $17 17. h6 Bf8) 17. Qxe2 $11 Rac8 {Threatens to win with ...Rxc3.} 18. hxg6 (18. Bd4 $1 $11 Rfd8 19. Kb1) 18... fxg6 {White must now prevent ...Rxc3.} 19. Bd4 $1 Rxc3 (19... Nc4 $15 20. Rd3 (20. Bxf6 $2 Bxf6 21. Qg4 Qg5+ 22. Qxg5 Bxg5+ 23. Kb1 Na3+ {[%mdl 64] Deflection} 24. bxa3 Rxc3 $19 {[%mdl 64] Double Attack}) 20... Rc7) 20. Bxc3 Qxa2 {...Nh5! is the strong threat.} 21. b3 $2 (21. Bxe5 $1 $11 dxe5 22. c3) 21... Rc8 $19 22. Bb2 $2 (22. Bxe5 dxe5 23. Qd3) 22... Neg4 $2 (22... Nfg4 $19 23. c3 Qxb3) 23. Rdg1 $2 {[%mdl 8192]} (23. Rd2 $17) 23... Nxe4 $4 {[%mdl 8192]} (23... Nh5 $19 24. Bxg7 Nxg7) 24. Bxg7 $18 Kxg7 {[%cal Ra2a1]} 25. Qxe4 {[%mdl 64] White wants to mate with Nf5+! Double Attack} ({Not} 25. Nxe4 Ne5 $11) 25... Nf6 $2 (25... Qa1+ $18 26. Kd2 Qc3+ 27. Ke2 Qxc2+ 28. Qxc2 Rxc2+ 29. Kd3 Rc5) 26. Qd3 $2 (26. Nf5+ {mates} Kg8 27. Rxg6+ Kf7 28. Rg7+ Kf8 29. Qxe7#) 26... Qa1+ 27. Kd2 Qe5 $2 {[#]} (27... Qa5+ 28. c3 Qa2+ 29. Qc2 Qxc2+ 30. Kxc2 Rc5) 28. Ne4 $4 {[%mdl 8192]} (28. Nh5+ $1 $18 {[%mdl 512]} Kf8 (28... Nxh5 29. Qxg6+) 29. Nxf6 exf6 30. Rh8+ Ke7 31. Rxc8 Qh2+ 32. Qe2+ Qxe2+ 33. Kxe2) 28... Nxe4+ 29. Kd1 Rc3 (29... Nf2+ $142 30. Kd2 Nxd3 31. c4 Nc5 32. Rg2 Qb2+ {[%mdl 64] Double Attack} 33. Kd1 Qxg2 34. Re1 Rf8 35. Rxe7+ Kg8 36. Re1 Qb2 37. Rg1 Nxb3 38. Rxg6+ Kh7 39. Rg7+ Kxg7 40. Ke1 Qd2#) 30. Qh3 Nf2+ {Black mates.} 31. Kc1 Nxh3 32. Rxh3 Rxh3 {Accuracy: White = 15%, Black = 30%.} 0-1

[Event "Stay Safe Play From Home 129"]
[Site "T#645801Emanuel Laske"]
[Date "2020.05.07"]
[Round "5"]
[White "Greblha"]
[Black "rohit2007"]
[Result "1/2-1/2"]
[WhiteElo "1903"]
[BlackElo "2233"]
[Annotator "NA"]
[PlyCount "47"]
[EventDate "2020.05.07"]
[EventType "swiss (blitz)"]

1. e4 {[%emt 0:00:01]} c5 {[%emt 0:00:04]} 2. Nc3 {[%emt 0:00:02]} d6 {[%emt 0:00:01]} 3. g3 {[%emt 0:00:00]} g6 {[%emt 0:00:01]} 4. Bg2 {[%emt 0:00:01]} Bg7 {[%emt 0:00:00]} 5. d3 {[%emt 0:00:00]} Nc6 {[%emt 0:00:01]} 6. Be3 {[%emt 0:00:00]} Nf6 {[%emt 0:00:00]} 7. Qc1 {[%emt 0:00:02]} O-O {[%emt 0:00:00]} 8. Bh6 {[%emt 0:00:01] rohit2007 reconnected.} Bxh6 {[%emt 0:00:02]} 9. Qxh6 {[%emt 0:00:01]} Ne5 {[%emt 0:00:01]} 10. Nf3 {[%emt 0:00:05]} Nxf3+ {[%emt 0:00:01]} 11. Bxf3 {[%emt 0:00:02]} e6 {[%emt 0:00:00]} 12. h4 {[%emt 0:00:01]} d5 {[%emt 0:00:00]} 13. h5 {[%emt 0:00:02]} dxe4 {[%emt 0:00:01]} 14. Nxe4 {[%emt 0:00:02]} Nxe4 {[%emt 0:00:04]} 15. hxg6 {[%emt 0:00:07]} Nf6 {[%emt 0:00:02]} 16. gxh7+ {[%emt 0:00:01]} Kh8 {[%emt 0:00:01]} 17. O-O-O {[%emt 0:00:03]} e5 {[%emt 0:00:04]} 18. g4 {[%emt 0:00:01]} Bxg4 {[%emt 0:00:03]} 19. Bxg4 {[%emt 0:00:01]} Nxg4 {[%emt 0:00:00]} 20. Qd2 {[%emt 0:00:07]} Nf6 {[%emt 0:00:02]} 21. Rh6 {[%emt 0:00:02]} Ng4 {[%emt 0:00:02]} 22. Rhh1 {[%emt 0:00:02]} Nf6 {[%emt 0:00:01]} 23. Rh6 {[%emt 0:00:01]} Ng4 {[%emt 0:00:01]} 24. Rhh1 {[%emt 0:00:01] (Lag: Av=3.15s, max=32.9s)} 1/2-1/2

[Event "Stay Safe Play From Home 129"]
[Site "T#645801Emanuel Laske"]
[Date "2020.05.07"]
[Round "5"]
[White "Mamutones"]
[Black "Chessencounter"]
[Result "0-1"]
[WhiteElo "1873"]
[BlackElo "2096"]
[Annotator "NA"]
[PlyCount "92"]
[EventDate "2020.05.07"]
[EventType "swiss (blitz)"]

1. e4 {[%emt 0:00:01]} d6 {[%emt 0:00:01]} 2. d4 {[%emt 0:00:01]} Nc6 {[%emt 0:00:01]} 3. Bc4 {[%emt 0:00:01]} e5 {[%emt 0:00:01]} 4. Qf3 {[%emt 0:00:01]} Qf6 {[%emt 0:00:01]} 5. c3 {[%emt 0:00:02]} Qxf3 {[%emt 0:00:01]} 6. Nxf3 {[%emt 0:00:01]} Nf6 {[%emt 0:00:00]} 7. d5 {[%emt 0:00:02]} Ne7 {[%emt 0:00:01]} 8. Bd3 {[%emt 0:00:01]} Ng6 {[%emt 0:00:01]} 9. c4 {[%emt 0:00:01]} Nh5 {[%emt 0:00:01]} 10. Nc3 {[%emt 0:00:02]} Nhf4 {[%emt 0:00:02]} 11. Bf1 {[%emt 0:00:03]} h5 {[%emt 0:00:01]} 12. g3 {[%emt 0:00:01]} Bg4 {[%emt 0:00:02]} 13. gxf4 {[%emt 0:00:04]} Bxf3 {[%emt 0:00:01]} 14. Rg1 {[%emt 0:00:01]} Nxf4 {[%emt 0:00:01]} 15. Bxf4 {[%emt 0:00:02]} exf4 {[%emt 0:00:00]} 16. Be2 {[%emt 0:00:01]} Bxe2 {[%emt 0:00:01]} 17. Nxe2 {[%emt 0:00:01]} f3 {[%emt 0:00:02]} 18. Nd4 {[%emt 0:00:01]} g6 {[%emt 0:00:01]} 19. Nxf3 {[%emt 0:00:01]} Bg7 {[%emt 0:00:00]} 20. O-O-O {[%emt 0:00:01]} O-O-O {[%emt 0:00:00]} 21. Ng5 {[%emt 0:00:01]} Rde8 {[%emt 0:00:04]} 22. f3 {[%emt 0:00:02]} Bh6 {[%emt 0:00:01]} 23. Kc2 {[%emt 0:00:01]} f5 {[%emt 0:00:02]} 24. Nf7 {[%emt 0:00:02]} fxe4 {[%emt 0:00:04]} 25. Nxh8 {[%emt 0:00:02]} Rxh8 {[%emt 0:00:02]} 26. fxe4 {[%emt 0:00:02]} g5 {[%emt 0:00:01]} 27. Rde1 {[%emt 0:00:01]} g4 {[%emt 0:00:01]} 28. Kd3 {[%emt 0:00:01]} Bf4 {[%emt 0:00:01]} 29. Rg2 {[%emt 0:00:02]} Be5 {[%emt 0:00:01]} 30. b3 {[%emt 0:00:01]} Rf8 {[%emt 0:00:01]} 31. Ke2 {[%emt 0:00:01]} Rf3 {[%emt 0:00:01]} 32. Rf1 {[%emt 0:00:01]} Rc3 {[%emt 0:00:02]} 33. Rf7 {[%emt 0:00:03]} Rc2+ {[%emt 0:00:01]} 34. Kf1 {[%emt 0:00:01]} Rc1+ {[%emt 0:00:01]} 35. Ke2 {[%emt 0:00:01]} b6 {[%emt 0:00:02]} 36. Rgf2 {[%emt 0:00:01]} Kb7 {[%emt 0:00:02]} 37. Kd3 {[%emt 0:00:01]} Rd1+ {[%emt 0:00:01]} 38. Kc2 {[%emt 0:00:01]} Ra1 {[%emt 0:00:01]} 39. Rh7 {[%emt 0:00:00]} Rxa2+ {[%emt 0:00:01]} 40. Kd3 {[%emt 0:00:00]} Rxf2 {[%emt 0:00:00]} 41. Rxh5 {[%emt 0:00:01]} Rxh2 {[%emt 0:00:01]} 42. Rg5 {[%emt 0:00:01]} g3 {[%emt 0:00:01]} 43. c5 {[%emt 0:00:00]} bxc5 {[%emt 0:00:01]} 44. Kc4 {[%emt 0:00:01]} Rc2+ {[%emt 0:00:01]} 45. Kb5 {[%emt 0:00:00]} a6+ {[%emt 0:00:00]} 46. Ka4 {[%emt 0:00:01]} g2 {[%emt 0:00:00] Tempo (Lag: Av=1.14s, max=1.5s) .} 0-1

[Event "Stay Safe Play From Home 129"]
[Site "T#645801Emanuel Laske"]
[Date "2020.05.07"]
[Round "5"]
[White "Klausen"]
[Black "Edmatuag"]
[Result "1-0"]
[WhiteElo "1763"]
[BlackElo "1617"]
[Annotator "NA"]
[PlyCount "75"]
[EventDate "2020.05.07"]
[EventType "swiss (blitz)"]

1. Nf3 {[%emt 0:00:01]} c5 {[%emt 0:00:01]} 2. d4 {[%emt 0:00:01]} cxd4 {[%emt 0:00:01]} 3. Nxd4 {[%emt 0:00:01]} Nc6 {[%emt 0:00:00]} 4. c4 {[%emt 0:00:02]} Nf6 {[%emt 0:00:01]} 5. Nc3 {[%emt 0:00:01]} e5 {[%emt 0:00:01]} 6. Nf3 {[%emt 0:00:02]} a6 {[%emt 0:00:02]} 7. e3 {[%emt 0:00:01]} d6 {[%emt 0:00:01]} 8. Be2 {[%emt 0:00:01]} Be6 {[%emt 0:00:01]} 9. O-O {[%emt 0:00:01]} Be7 {[%emt 0:00:00]} 10. b3 {[%emt 0:00:01]} O-O {[%emt 0:00:01]} 11. Bb2 {[%emt 0:00:01]} Qc7 {[%emt 0:00:02]} 12. Rc1 {[%emt 0:00:01]} Rfd8 {[%emt 0:00:01]} 13. Nd5 {[%emt 0:00:01]} Qb8 {[%emt 0:00:16]} 14. Nxe7+ {[%emt 0:00:02]} Nxe7 {[%emt 0:00:00]} 15. Qc2 {[%emt 0:00:01]} Ng6 {[%emt 0:00:05]} 16. Rfd1 {[%emt 0:00:02]} d5 {[%emt 0:00:02]} 17. cxd5 {[%emt 0:00:03]} Bxd5 {[%emt 0:00:01]} 18. Ng5 {[%emt 0:00:04]} h6 {[%emt 0:00:04]} 19. Nf3 {[%emt 0:00:02]} Be6 {[%emt 0:00:02]} 20. h3 {[%emt 0:00:02]} Rxd1+ {[%emt 0:00:02]} 21. Rxd1 {[%emt 0:00:02]} Qc8 {[%emt 0:00:01]} 22. Qxc8+ {[%emt 0:00:02]} Rxc8 {[%emt 0:00:02]} 23. Nxe5 {[%emt 0:00:01]} Nxe5 {[%emt 0:00:02]} 24. Bxe5 {[%emt 0:00:02]} Rc2 {[%emt 0:00:01]} 25. Bf3 {[%emt 0:00:01]} Rxa2 {[%emt 0:00:02]} 26. Bxb7 {[%emt 0:00:03]} Bxb3 {[%emt 0:00:00]} 27. Rb1 {[%emt 0:00:02]} Bd5 {[%emt 0:00:02]} 28. Bxf6 {[%emt 0:00:01]} Bxb7 {[%emt 0:00:02]} 29. Rxb7 {[%emt 0:00:02]} gxf6 {[%emt 0:00:00]} 30. Ra7 {[%emt 0:00:01]} Kg7 {[%emt 0:00:00]} 31. Kh2 {[%emt 0:00:01]} a5 {[%emt 0:00:01]} 32. f4 {[%emt 0:00:01]} a4 {[%emt 0:00:00]} 33. e4 {[%emt 0:00:01]} a3 {[%emt 0:00:00]} 34. e5 {[%emt 0:00:00]} Ra1 {[%emt 0:00:01]} 35. exf6+ {[%emt 0:00:01]} Kxf6 {[%emt 0:00:01]} 36. Ra6+ {[%emt 0:00:00]} Kg7 {[%emt 0:00:01]} 37. Kg3 {[%emt 0:00:01]} a2 {[%emt 0:00:00]} 38. f5 {[%emt 0:00:02] Time (Lag: Av=0.64s, max=5.8s)} 1-0